| 000 | 01339cam a22003134a 4500 | ||
|---|---|---|---|
| 001 | 12220333 | ||
| 005 | 20230322103722.0 | ||
| 008 | 001102s2001 enk b 001 0 eng | ||
| 010 | _a 00053008 | ||
| 020 | _a0521360323 | ||
| 040 |
_aDLC _cDLC _dDLC |
||
| 042 | _apcc | ||
| 050 | 0 | 0 |
_aQA913 _b.N38 2001 |
| 082 | 0 | 0 |
_a532.0527 _221 _bFOI |
| 245 | 0 | 0 |
_aNavier-Stokes equations and turbulence / _cC. Foias ... [et al.]. |
| 260 |
_aCambridge ; _aNew York : _bCambridge University Press, _c2001. |
||
| 300 |
_axiv, 347 p. ; _c24 cm. |
||
| 440 | 0 |
_aEncyclopedia of mathematics and its applications ; _vv. 83 _9102534 |
|
| 504 | _aIncludes bibliographical references (p. 331-342) and index. | ||
| 650 | 0 |
_aTurbulence. _913949 |
|
| 650 | 0 |
_aNavier-Stokes equations. _9110646 |
|
| 700 | 1 |
_aFoiaş, Ciprian. _9110647 |
|
| 856 | 4 | 1 |
_3Sample text _uhttp://www.loc.gov/catdir/samples/cam031/00053008.html |
| 856 | 4 | 2 |
_3Publisher description _uhttp://www.loc.gov/catdir/description/cam021/00053008.html |
| 856 | 4 | 1 |
_3Table of contents _uhttp://www.loc.gov/catdir/toc/cam024/00053008.html |
| 906 |
_a7 _bcbc _corignew _d1 _eocip _f20 _gy-gencatlg |
||
| 942 |
_2ddc _cBK |
||
| 999 |
_c594032 _d594032 |
||